000 00548nam a2200193 i 4500
001 63282
003 ES-MaACL
005 20230906164823.0
007 t|
008 031209s1961 sp ||||1| spa d
100 1 _aFernández Suárez, Álvaro.
_950107
245 1 0 _aEspaña arbol vivo /
_cAlvaro Fernández Suárez.
260 _aMadrid :
_bAguilar,
_c1961.
300 _a363 p. ;
_c21 cm.
490 1 _aEnsayistas hispánicos
830 0 _aEnsayistas hispánicos
_9181410
852 _aES-MaACL
_jC-19794
_bR.47391
999 _c63282
_d63282